An examination of Plato's doctrines / (Record no. 30891)
[ view plain ]
| 000 -LEADER | |
|---|---|
| fixed length control field | 00841nam a2200265 a 4500 |
| 001 - CONTROL NUMBER | |
| control field | 30891 |
| 003 - CONTROL NUMBER IDENTIFIER | |
| rucl marc code | BD-RjUL |
| 005 - DATE AND TIME OF LATEST TRANSACTION | |
| control field | 20211209051630.0 |
| 008 - FIXED-LENGTH DATA ELEMENTS--GENERAL INFORMATION | |
| fixed length control field | 140412s19711963enk 001 0 eng d |
| 035 ## - SYSTEM CONTROL NUMBER | |
| System control number | (BD-RjUL) |
| System control number | (BD-RjUL)30978 |
| 040 ## - CATALOGING SOURCE | |
| Original cataloging agency | VLU |
| Language of cataloging | eng |
| Transcribing agency | VLU |
| Modifying agency | VDU |
| 041 ## - LANGUAGE CODE | |
| Language code of text/sound track or separate title | eng |
| 082 ## - DEWEY DECIMAL CLASSIFICATION NUMBER | |
| Classification number | 184 |
| Author mark and year | CRE 1971 |
| 100 1# - MAIN ENTRY--PERSONAL NAME | |
| Personal name | Crombie, I. M. |
| 9 (RLIN) | 93856 |
| 245 13 - TITLE STATEMENT | |
| Title | An examination of Plato's doctrines / |
| Statement of responsibility, etc. | I. M. Crombie |
| Number of part/section of a work | V. 2 |
| Name of part/section of a work | Plato on knowledge and reality. |
| 250 ## - EDITION STATEMENT | |
| Edition statement | 3rd. impression |
| 260 ## - PUBLICATION, DISTRIBUTION, ETC. (IMPRINT) | |
| Place of publication, distribution, etc. | London : |
| Name of publisher, distributor, etc. | Routledge & K. Paul, |
| Date of publication, distribution, etc. | C1963 [Impression 1971] |
| 300 ## - PHYSICAL DESCRIPTION | |
| Pagination | 573 p. ; |
| Size | 22 cm. |
| 490 0# - SERIES STATEMENT | |
| Series statement | International library of philosophy and scientific method |
| 504 ## - BIBLIOGRAPHY, ETC. NOTE | |
| Bibliography, etc | includes index |
| 505 ## - FORMATTED CONTENTS NOTE | |
| Formatted contents note | 1. Plato on man and society.--2. Plato on knowledge and reality. |
| 600 00 - SUBJECT ADDED ENTRY--PERSONAL NAME | |
| Personal name | Plato. |
| 942 ## - ADDED ENTRY ELEMENTS (KOHA) | |
| Source of classification or shelving scheme | Dewey Decimal Classification |
| Koha item type | Books |
| Lost status | Source of classification or shelving scheme | Damaged status | Not for loan | Collection code | Permanent Location | Current Location | Shelving location | Date acquired | Source of acquisition | Cost, normal purchase price | Total Checkouts | Full call number | Date last seen | Copy number | Koha item type |
|---|---|---|---|---|---|---|---|---|---|---|---|---|---|---|---|
| Dewey Decimal Classification | Non-fiction | Central Library, University of Rajshahi | Central Library, University of Rajshahi | 07/06/1975 | Jonathan ware and com. | 10.25 | 184 CRE V-2 1971 | 12/04/2014 | C-3 | Books | |||||
| Dewey Decimal Classification | Not For Loan | Non-fiction | Central Library, University of Rajshahi | Central Library, University of Rajshahi | Reading Room | 27/11/1967 | switch and zethinger | 63.00 | 184 CRE V-2 1963 | 12/04/2014 | C-1 | Books | |||
| Dewey Decimal Classification | Non-fiction | Central Library, University of Rajshahi | Central Library, University of Rajshahi | 07/06/1975 | Jonathan ware and com. | 10.25 | 184 CRE V-2 1971 | 25/07/2016 | C-2 | Books |